Women in the world of work : statistical analysis and projections to the year 2000
Αποθηκεύτηκε σε:
| Κύριος συγγραφέας: | |
|---|---|
| Άλλοι συγγραφείς: | , |
| Μορφή: | Βιβλίο |
| Γλώσσα: | English |
| Δημοσίευση: |
Geneva :
International Labour Office,
c1992.
|
| Σειρά: | Women, work, and development,
18 |
| Θέματα: | |
| Ετικέτες: |
Προσθήκη ετικέτας
Δεν υπάρχουν, Καταχωρήστε ετικέτα πρώτοι!
|
MARC
| LEADER | 00000cam a2200000 i 4500 | ||
|---|---|---|---|
| 001 | 1/1156 | ||
| 008 | 000417s1992 sz | ||| |||| ||eng|| | ||
| 020 | |a 9221065073 | ||
| 035 | |l 10059915 | ||
| 040 | |a GR-MyUa |b gre |e AACR2 | ||
| 041 | 0 | |a eng | |
| 082 | 7 | |a 331.41250112 |2 (22) | |
| 100 | 1 | |a Nuss, Shirley. | |
| 245 | 1 | 0 | |a Women in the world of work : |b statistical analysis and projections to the year 2000 / |c Shirley Nuss in collaboration with Ettore Denti and David Viry. |
| 260 | |a Geneva : |b International Labour Office, |c c1992. | ||
| 300 | |a x, 132 σ. : |b εικ. ; |c 25 εκ. | ||
| 490 | 1 | |a (Women, work, and development, |x 0253-2042 ; |v 18) | |
| 504 | |a Βιβλιογραφία: σ. 129-132. | ||
| 650 | 0 | 0 | |a Women |x Employment |x Statistics. |
| 700 | 1 | |a Denti, Ettore. | |
| 700 | 1 | |a Viry, David. | |
| 830 | 0 | |a Women, work, and development, |x 0253-2042 ; |v 18 | |
| 852 | |a INST |b LESVOS |e 20000417 |h 331.41250112 NUS |p 005100020144 |q 005100020144 |t BK |y 0 | ||
| 901 | |a BIBL1-2000-1 | ||
| 922 | |a 1ΕΛΗ |b 200002 |c ΚΠΣ/ΤΚ |d GLORY | ||
| 950 | |a 103-1999-12-08 | ||
| 970 | |a ΤΖΑΦΕΡΗ |b ΕΥΑΓΓΕΛΙΑ |z 2000/04/08 | ||